000 00597nam a2200205Ia 4500
003 GCL
008 140319s9999 xx 000 0 ara d
040 _aGCL /
_cGCL
082 0 4 _aط
_b242
_bخ م
100 1 _aخالد محمد السعداوى
245 1 0 _aمعجزات للاطفال /
_cخالد محمد السعداوى
700 1 _aكمال عبده
260 _a[S.N] :
_bمكتبة التراث الاسلامى ،
_c1992
300 _a71 ص
490 _a
650 0 4 _aالاسلام
650 0 4 _aالاطفال
650 0 4 _aالقصص القرآنية
942 _2ddc
_cBK
999 _c57165
_d57165